00518nam a2200193 a 4500001001300000003000900013005001700022008004100039020002200080082001800102100002300120245003900143260005200182300001000234500003500244505001000279650001200289700002300301nice12345678IN_TiNIC20260116014544.0140917s2009 myla grp 000 0 eng  a8178231735 c7500a294.5921bSAT aSatprakashananda,  aUniverse, God, and God-Realization aMylapore, Chennai bSri Ramakrishna Math c2009 a308p  aincludes index and biblioraphy2 aindex aVedanta1 aSatprakashananda,